| 000 | 00505 a2200181 4500 | ||
|---|---|---|---|
| 005 | 20251229110247.0 | ||
| 008 | 251229b |||||||| |||| 00| 0 eng d | ||
| 020 |
_a9789349202894 _cRs. 995.00 |
||
| 040 | _aMAIN | ||
| 082 |
_a371.92 _bM528C |
||
| 100 | _aMenon K P, Seema | ||
| 245 | _aConceptual foundations of learning disabilities in children | ||
| 260 |
_bV R Books International _c2025 _aNew Delhi |
||
| 300 | _ax, 254 | ||
| 650 | _aEducation | ||
| 650 | _aLearning Disabilities | ||
| 942 | _cBK | ||
| 999 |
_c393790 _d393790 |
||